| 000 | 02091cam a2200361 a 4500 | ||
|---|---|---|---|
| 001 | 15629504 | ||
| 003 | OSt | ||
| 005 | 20110722093829.0 | ||
| 008 | 090218s2009 enk b 001 0 eng | ||
| 010 | _a 2009007333 | ||
| 020 | _a0406001413 | ||
| 035 | _a(OCoLC)ocn268793363 | ||
| 040 |
_aDLC _cDLC _dBTCTA _dYDXCP _dBWKUK _dBWK _dCDX _dBWX _dDLC |
||
| 043 | _ae-uk--- | ||
| 050 | 0 | 0 |
_aKD2139 _b.F558 2009 |
| 082 | 0 | 0 |
_a346.078 PEN _222 |
| 100 | 1 |
_aPennington, Robert R. _91698 |
|
| 245 | 1 | 0 |
_aPennington's Corporate insolvency law : _cRobert R. Pennington / |
| 250 | _a2nd ed. | ||
| 260 |
_aLondon: _aNew York : _bButterworts. _c1991. |
||
| 300 |
_axxi, 484p. ; _c24 cm. |
||
| 504 | _aIncludes bibliographical references (p. 788-836) and index. | ||
| 505 | 0 | _aThe roots of corporate insolvency law -- Aims, objectives and benchmarks -- Insolvency and corporate borrowing -- Corporate failure -- Insolvency practitioners and turnaround professionals -- Rescue -- Informal rescue -- Receivers and their role -- Administration -- Pre-packaged administrations -- Company arrangements -- Rethinking rescue -- Gathering the assets : the role of liquidation -- The pari passu principle -- Bypassing pari passu -- Directors in troubled times -- Employees in distress -- Conclusion. | |
| 650 | 0 |
_aBankruptcy _zGreat Britain. _91699 |
|
| 650 | 0 |
_aBusiness failures _xLaw and legislation _zGreat Britain. _91700 |
|
| 856 | 4 | 2 |
_3Contributor biographical information _uhttp://www.loc.gov/catdir/enhancements/fy0906/2009007333-b.html |
| 856 | 4 | 2 |
_3Publisher description _uhttp://www.loc.gov/catdir/enhancements/fy0906/2009007333-d.html |
| 856 | 4 | 1 |
_3Table of contents only _uhttp://www.loc.gov/catdir/enhancements/fy0906/2009007333-t.html |
| 906 |
_a7 _bcbc _corignew _d1 _eecip _f20 _gy-gencatlg |
||
| 942 |
_2ddc _cBK |
||
| 999 |
_c588 _d588 |
||